000 00959nam a2200193 a 4500
001 30719
005 20230414123603.0
008 140415s2007 000 0 spa d
020 _a9788536391
041 _aspa
082 _a378.17
_bARG
100 1 _aARGUDIN MARIA LUNA, YOLANDA
245 1 0 _aAPRENDER A PENSAR LEYENDO BIEN
250 _aREIMPRESION
260 _a[s.l.] :
_bPAIDOS,
_c2007
300 _a247
_c14 x 2 x 22
520 _aTODOS LOS QUE HAN PASADO POR LA ESCUELA PRIMARIA SABEN LEER, EN UN SENTIDO: DESCIFRAN LOS SIGNOS ESCRITOS Y ASOCIAN LAS PALABRAS A DETERMINADOS SIGNIFICADOS. AUN ASÍ, ESTA CAPACIDAD MERAMENTE TÉCNICA NO BASTA PARA SER LO QUE SE LLAMA UN BUEN LECTOR: ALGUIEN QUE SABE LEER CRÍTICAMENTE, QUE COMPRENDE A PROFUNDIDAD LOS TEXTOS Y DIALOGA CON ELLOS, QUE REFLEXIONA Y ES CAPAZ DE TENER UN JUICIO PROPIO, QUE AL LEER ESTIMULA Y PONE EN ACCIÓN SU PENSAMIENTO, QUE APROVECHA AL MÁXIMO SUS HORAS DE
650 1 4 _aEDUCACION
999 _c30719
_d30719